Eski Anadolu Türkçesinde sınırlandırma yapıları / (Record no. 15735)

MARC details
000 -BAŞLIK
Sabit Uzunlukta Kontrol Alanı 00860nam a22002417a 4500
999 ## - SİSTEM KONTROL NUMARALARI (KOHA)
Koha Biblionumber 15735
Koha Biblioitemnumber 15735
003 - KONTROL NUMARASI IDENTIFIER
Denetim Alanı MIRAKIL
005 - SON İŞLEM TARİHİ VE ZAMANI
Denetim Alanı 20240322105251.0
008 - SABİT-BOY VERİ ELEMANLARI - GENEL BİLGİLER
Sabit Uzunlukta Kontrol Alanı 240322b tu ||||| |||| 00| 0 tur d
020 ## - ULUSLARARASI STANDART KİTAP NUMARASI
Uluslararası Standart Kitap Numarası 9789751746269
040 ## - KATALOGLAMA KAYNAK
Orijinal Kataloglama Ajansı TR-AnCHP
Metne Dönüştürmek Ajansı TR-AnCHP
041 ## - DİL KODU
Metin / Ses Parça Veya Ayrı Başlığın Dil Kodu tur
082 ## - DEWEY ONLU SINIFLANDIRMA NUMARASI
Sınıflandırma Numarası 415
Ürün Numarası S24e 2020
100 ## - ANA GİRİŞ - KİŞİSEL İSİM
Kişisel Ad Salan, Erkan
245 10 - BAŞLIK TABLOSU
Başlık Eski Anadolu Türkçesinde sınırlandırma yapıları /
Sorumluluk Tablosu, Vb Doç. Dr. Erkan Salan.
250 ## - EDITION TABLOSU
Baskı Beyanı Birinci baskı: Ankara, 2020 Kasım
260 ## - YAYIN, DAĞITIM, VB
Yayın, Dağıtım, Vb Yeri Ankara :
Yayıncı, Dağıtıcı, Vs Adı Türk Dil Kurumu,
Yayın, Dağıtım, Vb Tarihi 2020.
300 ## - FİZİKSEL TANIM
Kapsam 298 sayfa :
Diğer Fiziksel Ayrıntıları tablo ;
Boyutlar 24 cm
490 0# - SERİSİ TABLOSU
Seri Beyanı Atatürk Kültür, Dil ve Tarih Kurumu Yüksek Kurumu Türk Dil Kurumu yayınları ;
Hacim / Ardışık Tanımı 1352.
504 ## - KAYNAKÇA VB NOT
Kaynakça Vb Notu Kaynakça: 279-298. sayfa<br/>
650 #0 - KONU KATMA GİRİŞ - TOPİKAL DÖNEM
9 (RLIN) 7751
Topikal Süreli Veya Coğrafi Ad Giriş Elemanı Eski Türk dili
856 ## - ELEKTRONİK YER VE ERİŞİM
Kamu Notu Dijital Nüshası için Partimizin Kütüphane Sorumlusu ile iletişime geçiniz.
942 ## - EKLENDİ GİRİŞ ELEMANLARI (KOHA)
Sınıflandırma Veya Raf Düzeni Kaynak Dewey Decimal Classification
Koha Öğesi Türü Books
Holdings
Kalıcı Konum Mevcut Konum Edinme Tarihi Toplam Check-Out'Lar Tam Çağrı Numarası Barkod Tarih Son Görülme İtibaren Geçerli Fiyatlar Koha Öğesi Türü
CHP Kütüphanesi CHP Kütüphanesi 03/22/2024   415 S24e 2020 21669 03/22/2024 03/22/2024 Books